000 00480nam a2200181 a 4500
001 5916
003 CO-ViMGA
008 141112s2004 ck r 000 u spa d
040 _aCO-ViMGA
_bspa
_cCO-ViMGA
082 0 4 _a927.8 B124
245 1 0 _aLa pequeña crónica de Ana Magdalena Bach
250 _a7a
260 _aBarcelona :
_bJuventud,
_c1993
300 _a187 p : il
490 _aGrandes biografías
650 1 4 _aBACH, JUAN SEBASTIAN 1735 - 1782
_94518
942 _2ddc
_cBK
999 _c17892
_d17892